Стенограмма Пленарного Заседания 3-й Сессии ЦИК СССР 6-го созыва. /Утро/

Доступно только в Электронных читальных залах Найти на картеНа карте
RUSMARC
00004239nac2a22002773x 450
001b8d1e3c6-4938-43c4-8854-6fe9028fd08c
00520210714183917.0
100##$a20210610l1933 k y0rusy50 ca
1010#$arus
102##$aRU
105##$ay z |||||
1220#$ad19330124
2001#$aСтенограмма Пленарного Заседания 3-й Сессии ЦИК СССР 6-го созыва. /Утро/
$j24.01.1933
215##$a1 лист
251##$cДело
300##$aЗаголовок дела на папке: Стенограмма Пленарного Заседания 3-й Сессии ЦИК Союза ССР 6-го созыва. 24 января 1933 г. (утро)
300##$aРукописный текст
330##$aВходит в раздел описи: VI-й Съезд Советов. 3-я Сессия ЦИК СССР
461#0$1001796d4672-8a00-4986-b488-6e42273792cc
$12001
$aЦЕНТРАЛЬНЫЙ ИСПОЛНИТЕЛЬНЫЙ КОМИТЕТ СССР (ЦИК СССР)
$1251
$cФонд
$1852
$j3316
$gР
462#0$1001ffc5d47f-75c7-4b00-a108-34d4b382154c
$12001
$aДела VI-го Съезда Советов и 1-й, 2-й, 3-й, 4-й Сессий ЦИК СССР 6-го созыва. 1931-1934 гг.
$vД. 179
$1251
$cОпись
$1852
$j6
5171#$aСтенограмма Пленарного Заседания 3-й Сессии ЦИК Союза ССР 6-го созыва. 24 января 1933 г. (утро)
60101$3RU\NLR\AUTH\880357276
$aСССР
$bЦИК
60101$3RU\NLR\AUTH\880473174
$aСССР
$bЦИК
$bСозыв
$c6
$bСессия
$d3
801#0$aRU
$bGA_RF
801#1$aRU
$bГлавНИВЦ
$c20210610
$2rusmarc
801#2$aRU
$bПБ им. Б.Н. Ельцина
$c20210714
$gRCR
$2rusmarc
852##$aГА РФ
$j179
937##$d166131261
$hГАРФ
035##$aRuPRLIB51060279
856##$uhttp://readingroom.main.prlib.ru/item.aspx?id_node=n166131261&mode=full
Формат отображения